ラブライブ!のメンバーアイコン - Statistics

General Stats
  • This quiz has been taken 18 times
  • The average score is 40 of 56
Answer Stats
Picture Answer % Correct
高海千歌
92%
園田海未
92%
高坂穂乃果
92%
天王寺璃奈
85%
国木田花丸
85%
渡辺曜
85%
黒澤ダイヤ
85%
桜内梨子
85%
小泉花陽
85%
西木野真姫
85%
星空凛
85%
南ことり
85%
嵐千砂都
77%
近江彼方
77%
上原歩夢
77%
黒澤ルビィ
77%
矢澤にこ
77%
東條希
77%
絢瀬絵里
77%
藤島慈
69%
夕霧綴理
69%
村野さやか
69%
鬼塚冬毬
69%
鬼塚夏美
69%
若菜四季
69%
米女メイ
69%
桜小路きな子
69%
平安名すみれ
69%
唐可可
69%
澁谷かのん
69%
鐘嵐珠
69%
ミア・テイラー
69%
三船栞子
69%
エマ・ヴェルデ
69%
優木せつ菜
69%
宮下愛
69%
朝香果林
69%
桜坂しずく
69%
中須かすみ
69%
小原鞠莉
69%
津島善子
69%
松浦果南
69%
徒町小鈴
69%
百生吟子
69%
安養寺姫芽
69%
桂城泉
62%
セラス・柳田・リリエンフェルト
62%
大沢瑠璃乃
62%
乙宗梢
62%
日野下花帆
62%
ウィーン・マルガレーテ
54%
葉月恋
54%
鹿角理亞
46%
聖澤悠奈
38%
柊摩央
38%
鹿角聖良
38%
No matching quizzes found
Score Distribution
Percent of People with Each Score
Percentile by Number Answered
Your Score History
You have not taken this quiz